000 00443nam a2200157 a 4500
001 000043210
005 20201002040726.0
008 140225s2012 nyu 000 0 spa d
020 _a9780802122025
040 _aDO-SdBNP
_bspa
_cBNPHU
082 _axxx
_bxxx
100 1 _aSelf, Will
_970800
245 1 0 _aUmbrella /
_cWill Self.
260 _aNew York :
_bGrove Press
_bDistributed by Publishers Group West,
_c2012.
300 _a397 p. ;
_c21 cm.
999 _c42699
_d42699